[Event "Gran Canaria Santana Memorial 6th"]
[Site "Gran Canaria"]
[Date "2018.11.30"]
[Round "5.5"]
[White "Alba Santana, Cayetano"]
[Black "Armenteros Peral, Javier"]
[Result "1/2-1/2"]
[WhiteElo "1860"]
[BlackElo "1990"]
[PlyCount "57"]
[EventDate "2018.11.16"]
[EventType "swiss"]
[EventRounds "7"]
[EventCountry "ESP"]
[SourceTitle "EXT 2024"]
[Source "ChessBase"]
[SourceDate "2023.10.10"]
[SourceVersion "1"]
[SourceVersionDate "2023.10.10"]
[SourceQuality "1"]

1. e4 e5 2. Nf3 Nf6 3. Nxe5 d6 4. Nf3 Nxe4 5. Nc3 Nxc3 6. dxc3 Be7 7. Be3 Nd7 8. Qd2 Nc5 9. h3 Be6 10. Nd4 Qd7 11. Be2 0-0 12. Nxe6 Qxe6 13. 0-0 Ne4 14. Qd3 c6 15. Rfe1 f5 16. c4 f4 17. Bd4 Nc5 18. Qf3 Qf7 19. Bxc5 dxc5 20. Bd3 Bf6 21. Rab1 Rae8 22. b3 Bd4 23. Kf1 g6 24. Rxe8 Rxe8 25. Re1 Rxe1+ 26. Kxe1 Bc3+ 27. Kf1 Qf6 28. Kg1 Qe5 29. Qe4 1/2-1/2

[Event "Gran Canaria Santana Memorial 6th"]
[Site "Gran Canaria"]
[Date "2018.11.16"]
[Round "1.9"]
[White "Rodriguez Brito, Guillermo A"]
[Black "Alba Santana, Cayetano"]
[Result "1/2-1/2"]
[WhiteElo "1386"]
[BlackElo "1860"]
[PlyCount "128"]
[EventDate "2018.11.16"]
[EventType "swiss"]
[EventRounds "7"]
[EventCountry "ESP"]
[SourceTitle "EXT 2024"]
[Source "ChessBase"]
[SourceDate "2023.10.10"]
[SourceVersion "1"]
[SourceVersionDate "2023.10.10"]
[SourceQuality "1"]

1. d4 Nf6 2. Nf3 e6 3. a3 c5 4. c3 b6 5. e3 Bb7 6. Be2 Be7 7. Nbd2 0-0 8. Qc2 cxd4 9. cxd4 d6 10. 0-0 Nbd7 11. b3 Rc8 12. Qd3 Nd5 13. Bb2 Qc7 14. Rac1 Qb8 15. Rfe1 Qa8 16. h3 N7f6 17. Bd1 a5 18. Qb1 Rxc1 19. Qxc1 Rc8 20. Qb1 b5 21. Bc2 h6 22. Rc1 b4 23. a4 Nc3 24. Bxc3 bxc3 25. Nc4 Rc7 26. Bd1 Be4 27. Qa2 Nd5 28. Qe2 Qa7 29. Bc2 Bxc2 30. Rxc2 Nb4 31. Rc1 Qa6 32. Kf1 c2 33. Na3 Qc8 34. Ne1 Rc3 35. Nb5 Rxb3 36. Qd2 Rb1 37. Kg1 Rxc1 38. Qxc1 Qc4 39. Na3 Qb3 40. Naxc2 Qxa4 41. Nxb4 axb4 42. Nd3 Qb5 43. Nb2 d5 44. f3 b3 45. Kf2 Ba3 46. h4 Qc4 47. Qxc4 dxc4 48. Nxc4 Bc1 49. Ke2 b2 50. Na3 Kf8 51. Kd3 Ke7 52. e4 Kd7 53. Kc4 Kc6 54. g3 Be3 55. g4 Bf2 56. h5 Be3 57. Nb1 Bc1 58. Na3 Be3 59. Kd3 Bc1 60. Kc2 Be3 61. Kxb2 Bxd4+ 62. Kb3 Kc5 63. Nc2 e5 64. Ne1 Bg1 1/2-1/2

[Event "Canarias-chT"]
[Site "Vecindario"]
[Date "2018.05.31"]
[Round "1.2"]
[White "Perez Bolanos, Joel"]
[Black "Alba Santana, Cayetano"]
[Result "1/2-1/2"]
[WhiteElo "1630"]
[BlackElo "1860"]
[PlyCount "48"]
[EventDate "2018.05.31"]
[EventType "team-swiss"]
[EventRounds "6"]
[EventCountry "ESP"]
[SourceTitle "EXT 2019"]
[Source "ChessBase"]
[SourceDate "2018.10.10"]
[SourceVersion "1"]
[SourceVersionDate "2018.10.10"]
[SourceQuality "1"]
[WhiteTeam "Sociedad La Montana II"]
[BlackTeam "Grandama Santa Lucia II"]
[WhiteTeamCountry "ESP"]
[BlackTeamCountry "ESP"]

1. e4 c5 2. c3 e6 3. d4 Nf6 4. e5 Nd5 5. Nf3 cxd4 6. cxd4 Bb4+ 7. Bd2 Be7 8. Nc3 Nxc3 9. Bxc3 d5 10. exd6 Qxd6 11. Bc4 Nd7 12. d5 e5 13. Qe2 f6 14. Nd2 Qb6 15. 0-0 Bd6 16. Bd3 g6 17. Nc4 Qc7 18. h4 0-0 19. h5 f5 20. Qd2 Rf7 21. Nxd6 Qxd6 22. Bc4 b6 23. Rfe1 Bb7 24. b3 Re8 1/2-1/2

[Event "Gran Canaria Galdos op 3rd"]
[Site "Gran Canaria"]
[Date "2018.04.20"]
[Round "2"]
[White "Alba Santana, Cayetano"]
[Black "Almeida Cubas, Mirella"]
[Result "1-0"]
[WhiteElo "1818"]
[BlackElo "1263"]
[PlyCount "61"]
[EventDate "2018.04.18"]
[EventType "swiss"]
[EventRounds "5"]
[EventCountry "ESP"]
[SourceTitle "EXT 2024"]
[Source "ChessBase"]
[SourceDate "2023.10.10"]
[SourceVersion "1"]
[SourceVersionDate "2023.10.10"]
[SourceQuality "1"]

1. e4 c5 2. Nf3 g6 3. d4 Bg7 4. c4 cxd4 5. Nxd4 Nc6 6. Be3 d6 7. Be2 Nf6 8. Nc3 0-0 9. 0-0 a6 10. h3 Nd7 11. Qd2 Rb8 12. Rfd1 Re8 13. Rac1 Nf8 14. b3 Ne6 15. Nxe6 Bxe6 16. f4 Qc8 17. Nd5 Bxd5 18. cxd5 Qd7 19. dxc6 bxc6 20. Bxa6 Ra8 21. Bc4 Reb8 22. Rc2 Qb7 23. f5 Qb4 24. fxg6 hxg6 25. Qxb4 Rxb4 26. Rf2 Rf8 27. Rdf1 e6 28. Rd1 d5 29. Bc5 dxc4 30. Bxb4 Rb8 31. Bd6 1-0

[Event "Las Palmas Montalvo Memorial 11th"]
[Site "Las Palmas"]
[Date "2018.03.26"]
[Round "4"]
[White "Alba Santana, Cayetano"]
[Black "Barski, Radoslaw"]
[Result "0-1"]
[WhiteElo "1818"]
[BlackElo "2432"]
[PlyCount "78"]
[EventDate "2018.03.24"]
[EventType "swiss"]
[EventRounds "9"]
[EventCountry "ESP"]
[SourceTitle "CBM 183 Extra"]
[Source "ChessBase"]
[SourceDate "2018.04.19"]
[SourceVersion "1"]
[SourceVersionDate "2018.04.19"]
[SourceQuality "1"]

1. d4 Nf6 2. Nf3 g6 3. g3 Bg7 4. Bg2 0-0 5. 0-0 d6 6. c4 Nc6 7. Nc3 a6 8. e4 Bg4 9. h3 Bxf3 10. Bxf3 Nd7 11. Be3 e5 12. d5 Nd4 13. Bg2 c5 14. dxc6 bxc6 15. f4 Rb8 16. Rb1 a5 17. g4 Rb4 18. b3 Nc5 19. Ne2 Nxe2+ 20. Qxe2 exf4 21. Bxf4 Ne6 22. Bg3 Be5 23. Qd3 c5 24. h4 Nd4 25. Bxe5 dxe5 26. g5 Rb6 27. Rf2 Ne6 28. Qc3 Qd4 29. Qxa5 Rb4 30. a3 Rxb3 31. Rxb3 Qd1+ 32. Kh2 Qxb3 33. Qa6 Qe3 34. Rf3 Qe1 35. Rh3 Nf4 36. Rg3 Ne2 37. Rg4 Qg1+ 38. Kh3 Nf4+ 39. Rxf4 exf4 0-1

[Event "Las Palmas Insular-chT Segunda 1718"]
[Site "Las Palmas"]
[Date "2017.10.28"]
[Round "1.3"]
[White "Deniz Cardenes, Ernesto"]
[Black "Alba Santana, Cayetano"]
[Result "0-1"]
[WhiteElo "2000"]
[BlackElo "1832"]
[PlyCount "40"]
[EventDate "2017.10.28"]
[EventType "team-swiss"]
[EventRounds "9"]
[EventCountry "ESP"]
[SourceTitle "EXT 2019"]
[Source "ChessBase"]
[SourceDate "2018.10.10"]
[SourceVersion "1"]
[SourceVersionDate "2018.10.10"]
[SourceQuality "1"]
[WhiteTeam "San Mateo Servitel"]
[BlackTeam "Grandama II"]
[WhiteTeamCountry "ESP"]
[BlackTeamCountry "ESP"]

1. d4 Nf6 2. Bg5 d6 3. e3 c6 4. Bd3 Qa5+ 5. Qd2 Qxg5 6. f3 h5 7. Nc3 Qa5 8. Nge2 e5 9. 0-0-0 Be7 10. h3 Be6 11. a3 Nbd7 12. e4 a6 13. f4 exd4 14. Nxd4 Nc5 15. Nxe6 Nxe6 16. Qf2 Qc5 17. Qf3 0-0-0 18. Rhe1 Nd7 19. Qf1 Nxf4 20. Qxf4 Bg5 0-1

[Event "Arrecife de Lanzarote op"]
[Site "Arrecife de Lanzarote"]
[Date "2017.06.13"]
[Round "5"]
[White "Martinez Morales, Raul"]
[Black "Alba Santana, Cayetano"]
[Result "1/2-1/2"]
[WhiteElo "1559"]
[BlackElo "1888"]
[PlyCount "177"]
[EventDate "2017.06.11"]
[EventType "swiss"]
[EventRounds "9"]
[EventCountry "ESP"]
[SourceTitle "EXT 2019"]
[Source "ChessBase"]
[SourceDate "2018.10.10"]
[SourceVersion "1"]
[SourceVersionDate "2018.10.10"]
[SourceQuality "1"]

1. e4 e5 2. Nf3 Nc6 3. Bb5 a6 4. Ba4 Nf6 5. 0-0 b5 6. Bb3 Be7 7. Re1 0-0 8. c3 d6 9. d3 Na5 10. Bc2 c5 11. a3 Qc7 12. b4 Nc6 13. Bb2 Bg4 14. Nbd2 Rac8 15. Rc1 Qb6 16. h3 Bxf3 17. Nxf3 a5 18. Qd2 Rc7 19. d4 c4 20. d5 Nb8 21. Qe3 Qxe3 22. Rxe3 axb4 23. axb4 Ra7 24. Ree1 Nbd7 25. Ra1 Rfa8 26. Rxa7 Rxa7 27. Ra1 Rxa1+ 28. Bxa1 g6 29. Nd2 Ne8 30. Kf1 Bg5 31. Nb1 Bc1 32. Ke2 Nc7 33. Kd1 Bg5 34. Bb2 Kg7 35. Bc1 Bxc1 36. Kxc1 Kh6 37. Kd2 Kg5 38. Ke3 f5 39. f3 f4+ 40. Kf2 Kh4 41. Bd1 h6 42. Bc2 Nf6 43. Bd1 Nh5 44. Na3 Nf6 45. Be2 Nd7 46. Bd1 Nb6 47. Bc2 g5 48. Bd1 Kh5 49. g3 Kg6 50. g4 Kf6 51. Bc2 Ke7 52. Ke2 Kd8 53. Kd2 Kc8 54. Bd1 Kb7 55. Be2 Ka6 56. Nc2 Nd7 57. Ne1 Nf8 58. Bd1 Ng6 59. Kc2 Kb6 60. Be2 Nh4 61. Kd2 Ka6 62. Kc2 Na8 63. Kb2 Nb6 64. Kc2 Nd7 65. Kd2 Kb6 66. Kc2 Nf6 67. Kd2 h5 68. Bd1 Ka6 69. Kc2 hxg4 70. hxg4 Kb6 71. Kd2 Nd7 72. Kc2 Ng6 73. Kb2 Ne7 74. Nc2 Nf6 75. Ne1 Nexd5 76. exd5 Nxd5 77. Bc2 Nf6 78. Bf5 d5 79. Kc2 Kc6 80. Kd2 Kd6 81. Nc2 Kc6 82. Ke2 Kd6 83. Na3 Kc6 84. Bc8 Kb6 85. Nc2 Kc7 86. Ba6 Kb6 87. Bc8 Kc7 88. Ba6 Kb6 89. Bc8 1/2-1/2

[Event "Las Palmas Cabildo op"]
[Site "Las Palmas"]
[Date "2017.03.21"]
[Round "4"]
[White "Cruz Pino, Adrian"]
[Black "Alba Santana, Cayetano"]
[Result "1-0"]
[WhiteElo "2126"]
[BlackElo "1833"]
[PlyCount "73"]
[EventDate "2017.03.10"]
[EventType "swiss"]
[EventRounds "7"]
[EventCountry "ESP"]
[SourceTitle "EXT 2018"]
[Source "ChessBase"]
[SourceDate "2017.10.13"]
[SourceVersion "1"]
[SourceVersionDate "2017.10.13"]
[SourceQuality "1"]

1. e4 e5 2. Nf3 Nc6 3. Bb5 a6 4. Ba4 Nf6 5. 0-0 d6 6. d3 Be7 7. h3 0-0 8. c4 Nb8 9. Nc3 c6 10. Bc2 Nbd7 11. Nh2 b5 12. b3 b4 13. Ne2 d5 14. f4 dxe4 15. dxe4 Re8 16. Nf3 Bc5+ 17. Kh1 Bb7 18. Bb2 exf4 19. Nxf4 Nxe4 20. Bxe4 Rxe4 21. Nh5 f6 22. Qd3 Re3 23. Qf5 Qe7 24. Rfe1 Re8 25. Rxe3 Bxe3 26. Re1 Qf7 27. Rd1 Bc8 28. Ng3 Qe6 29. Qc2 Nc5 30. Re1 Qd6 31. Nf1 Qd3 32. Nxe3 Rxe3 33. Qxd3 Rxd3 34. Re8+ Kf7 35. Rxc8 Rd1+ 36. Kh2 Nd3 37. Bd4 1-0

[Event "Gran Canaria Santana Memorial 5th"]
[Site "Gran Canaria"]
[Date "2017.02.24"]
[Round "7"]
[White "Alba Santana, Cayetano"]
[Black "Perez Rosales, Pedro"]
[Result "1/2-1/2"]
[WhiteElo "1816"]
[BlackElo "2083"]
[PlyCount "101"]
[EventDate "2017.02.03"]
[EventType "swiss"]
[EventRounds "7"]
[EventCountry "ESP"]
[SourceTitle "CBM 177 Extra"]
[Source "ChessBase"]
[SourceDate "2017.04.27"]
[SourceVersion "1"]
[SourceVersionDate "2017.04.27"]
[SourceQuality "1"]

1. e4 e6 2. d3 d5 3. Nd2 Nf6 4. Ngf3 b6 5. e5 Nfd7 6. d4 c5 7. c3 Be7 8. Bd3 Ba6 9. Bxa6 Nxa6 10. Qe2 Qc8 11. 0-0 Qb7 12. a4 0-0 13. Re1 Rae8 14. Qb5 Nab8 15. dxc5 Bxc5 16. Nb3 Qc7 17. Be3 Nc6 18. Bd4 Bxd4 19. cxd4 Qb7 20. Rac1 Rc8 21. Rc3 a6 22. Qe2 Nb4 23. Rec1 Na2 24. Rxc8 Rxc8 25. Rxc8+ Qxc8 26. a5 Nc1 27. Nxc1 Qxc1+ 28. Ne1 b5 29. Kf1 Qc4 30. Qd3 Nb8 31. b3 Qxd3+ 32. Nxd3 Nc6 33. b4 Kf8 34. Ke1 Nxd4 35. Kd2 Nc6 36. Kc3 Ke7 37. f4 Kd8 38. Nc5 Nb8 39. g4 Ke7 40. Kd4 f6 41. Nd3 fxe5+ 42. fxe5 Nd7 43. h4 Kd8 44. Nf4 Nf8 45. g5 Ke7 46. Nh5 g6 47. Nf6 Kd8 48. Ng4 Kd7 49. Nf6+ Ke7 50. Ng4 Kd7 51. Nf6+ 1/2-1/2

[Event "Gran Canaria Santana Memorial 5th"]
[Site "Gran Canaria"]
[Date "2017.02.10"]
[Round "3"]
[White "Alba Santana, Cayetano"]
[Black "Rodriguez Melian, Jose Luis"]
[Result "1/2-1/2"]
[WhiteElo "1816"]
[BlackElo "2049"]
[PlyCount "93"]
[EventDate "2017.02.03"]
[EventType "swiss"]
[EventRounds "7"]
[EventCountry "ESP"]
[SourceTitle "CBM 177 Extra"]
[Source "ChessBase"]
[SourceDate "2017.04.27"]
[SourceVersion "1"]
[SourceVersionDate "2017.04.27"]
[SourceQuality "1"]

1. c4 Nf6 2. Nc3 d5 3. cxd5 Nxd5 4. g3 c5 5. Bg2 Nxc3 6. bxc3 Qc7 7. h4 Nc6 8. Nf3 e5 9. Qc2 Bd6 10. 0-0 h6 11. d3 Bg4 12. Nh2 Be6 13. e3 0-0 14. Bd2 Rad8 15. Rfd1 f5 16. f4 Qf7 17. Nf3 Qg6 18. Kf2 Qf7 19. Ne1 Rd7 20. Bxc6 bxc6 21. c4 e4 22. dxe4 fxe4 23. Qxe4 Bxc4 24. Qxc6 Bd5 25. Qb5 Rb7 26. Qd3 Be5 27. Bc3 Bxc3 28. Qxc3 Rfb8 29. Rd2 Rb5 30. Qe5 Ba8 31. a4 Rb3 32. Rad1 Bc6 33. Qxc5 Bxa4 34. Rd8+ Be8 35. Rxb8 Rxb8 36. Qd5 Rb2+ 37. Kg1 Qxd5 38. Rxd5 Re2 39. Kf1 Rxe3 40. Kf2 Ra3 41. Rc5 a5 42. Nf3 Ra2+ 43. Ke3 a4 44. Ne5 Ra3+ 45. Kf2 Ra2+ 46. Ke3 Ra3+ 47. Kf2 1/2-1/2

[Event "Las Palmas Insular-chT Pref 1617"]
[Site "Las Palmas"]
[Date "2017.01.21"]
[Round "9.4"]
[White "Hidalgo Santana, Fernando"]
[Black "Alba Santana, Cayetano"]
[Result "1-0"]
[WhiteElo "2153"]
[BlackElo "1813"]
[PlyCount "99"]
[EventDate "2016.10.22"]
[EventType "team-tourn"]
[EventRounds "14"]
[EventCountry "ESP"]
[SourceTitle "EXT 2018"]
[Source "ChessBase"]
[SourceDate "2017.10.13"]
[SourceVersion "1"]
[SourceVersionDate "2017.10.13"]
[SourceQuality "1"]
[WhiteTeam "Villa de Teror"]
[BlackTeam "Grandama"]
[WhiteTeamCountry "ESP"]
[BlackTeamCountry "ESP"]

1. e4 c5 2. c3 d5 3. exd5 Qxd5 4. d4 cxd4 5. cxd4 Nc6 6. Be3 e5 7. Nc3 Bb4 8. a3 Bxc3+ 9. bxc3 exd4 10. cxd4 Nf6 11. Nf3 Bg4 12. Be2 0-0 13. 0-0 Rad8 14. h3 Bh5 15. Qa4 Qa5 16. Qxa5 Nxa5 17. Rab1 b6 18. Rfc1 Bg6 19. Rb5 Rc8 20. Rd1 Rc2 21. Bd3 Bxd3 22. Rxd3 Rd8 23. d5 h6 24. Ne5 Nd7 25. Nc6 Nxc6 26. dxc6 Rxc6 27. Bf4 Kf8 28. Bd6+ Rxd6 29. Rxd6 Ke7 30. Rbd5 a6 31. Rc6 Nc5 32. Re5+ Kd7 33. Rxb6 Kc7 34. Rb1 Ne6 35. Re3 Rd5 36. Rf3 f5 37. Re1 Nd4 38. Rfe3 Nc6 39. Re6 Rd6 40. Rxd6 Kxd6 41. Re8 Kc5 42. Rg8 Nd4 43. Rxg7 Kb5 44. Rd7 Kc4 45. Rd6 a5 46. Rxh6 Kb3 47. Rd6 Ne2+ 48. Kf1 Nc1 49. h4 Kxa3 50. h5 1-0

[Event "Montana de Galdar op 1st"]
[Site "Galdar"]
[Date "2016.12.11"]
[Round "9.4"]
[White "Camino Carrio, Nicanor"]
[Black "Alba Santana, Cayetano"]
[Result "1/2-1/2"]
[WhiteElo "1950"]
[BlackElo "1834"]
[PlyCount "64"]
[EventDate "2016.12.05"]
[EventType "swiss"]
[EventRounds "9"]
[EventCountry "ESP"]
[SourceTitle "EXT 2024"]
[Source "ChessBase"]
[SourceDate "2023.10.10"]
[SourceVersion "1"]
[SourceVersionDate "2023.10.10"]
[SourceQuality "1"]

1. e4 c5 2. Nf3 d6 3. d4 cxd4 4. Nxd4 Nf6 5. Nc3 a6 6. f3 e6 7. Be3 Be7 8. Qd2 0-0 9. 0-0-0 b5 10. Bd3 Bb7 11. g4 Nc6 12. Nxc6 Bxc6 13. Kb1 Nd7 14. Ne2 Ne5 15. Nd4 Qc7 16. h4 Rac8 17. g5 Nc4 18. Bxc4 bxc4 19. g6 Bd7 20. h5 Bf6 21. h6 fxg6 22. Qh2 Rf7 23. hxg7 Rxg7 24. c3 d5 25. Bf4 e5 26. Bg3 dxe4 27. fxe4 Qb7 28. Nc2 Rb8 29. Na3 Qxe4+ 30. Ka1 Bc6 31. Rhe1 Qf5 32. Nxc4 Re7 1/2-1/2